Vista normal
Vista MARC
Entrada Topical Term
Número de registros utilizados en: 1
001 - CONTROL NUMBER
- control field: 67006
003 - CONTROL NUMBER IDENTIFIER
- control field: OSt
005 - DATE AND TIME OF LATEST TRANSACTION
- control field: 20251107214345.0
008 - FIXED-LENGTH DATA ELEMENTS
- fixed length control field: 251107|| aca||aabn | a|a d
040 ## - CATALOGING SOURCE
- Original cataloging agency: OSt
- Transcribing agency: OSt
150 ## - HEADING--TOPICAL TERM
- Topical term or geographic name entry element: Fruticultura
- General subdivision: Cultivo
- Form subdivision: Manuales, vademécum, etc
670 ## - SOURCE DATA FOUND
- Source citation: Work cat.: (OSt)59873: Acosta Suárez, Clara aut 66797, Elaboración de conservas de frutas y verduras :